000 00877nac a22002777a 4500
001 BR6004948
003 BR-BrBNA
005 20240105113116.0
008 230509b bl.|||m| |||| 00| 0 por d
040 _aBR-BrBNA
_bpor
_cBiblioteca Nacional de Agricultura
072 _aF22
090 _aF22 BR6004948
100 1 _aFranco, A.
110 1 _aEscola Nacional de Agronomia, Itaguai, GB (Brasil)
_94326
245 1 _aAs disponibilidades de agua no solo
260 3 _aItaguai, GB (Brasil):
_c1940.
300 _a17 p.
490 _aAvulso - Escola Nacional de Agronomia (Brazil)
_vno. 3
_x
500 _a8 ref.; Reprint of "Revista da Sociedade Brasileira de Agronomia" Sep 1940 no. 3 v. 3
650 _aQuimica do solo
650 _aFisica do solo
650 _aSolo
650 _aAgua
909 _a202312
_bLúcia Elande
_c55
_dLúcia Elande
942 _2AGRIS
_n0
_cMS
999 _c261933
_d261933